Sharh Haal-E-Kagwa (Record no. 3262)
[ view plain ]
| 000 -LEADER | |
|---|---|
| fixed length control field | 00526nam a2200229 a 4500 |
| 020 ## - INTERNATIONAL STANDARD BOOK NUMBER | |
| ISBN | |
| 082 00 - DEWEY DECIMAL CLASSIFICATION NUMBER | |
| Classification number | 201 |
| Author Cutter | KAG |
| 100 ## - MAIN ENTRY--AUTHOR NAME | |
| Author name | Kagwa, |
| 245 ## - TITLE STATEMENT | |
| Title | Sharh Haal-E-Kagwa |
| 260 ## - PUBLICATION, DISTRIBUTION, ETC. (IMPRINT) | |
| Place of publication | Tehran |
| Name of publisher | Brukhim Press |
| Year of publication | 1938 |
| 300 ## - PHYSICAL DESCRIPTION | |
| Number of Pages | 87p |
| 500 ## - GENERAL NOTE | |
| General note | includes index and biblioraphy |
| 505 2# - FORMATTED CONTENTS NOTE | |
| Formatted contents note | Hand Written Manuscript |
| 942 ## - ADDED ENTRY ELEMENTS (KOHA) | |
| Koha item type | Books |
| 700 1# - | |
| -- | Kagwa, |
| Home library | Current library | Date acquired | Cost, normal purchase price | Full call number | Accession Number | Koha item type |
|---|---|---|---|---|---|---|
| Henry Martyn Institute Library | Henry Martyn Institute Library | 03/19/2007 | 100.00 | 201 KAG | 5026 | Archive Book |
